000 006210000a22001570004500
005 20240229113615.0
008 230817t ||||| |||| 00| 0 eng d
027 _a1
082 _a305.49
_bWOM
110 _aWomen living under Muslim laws
245 _aDossier d'informations sur la situation en Algérie : résistance des femmes et solidarité internationale=Compilation of information on the situation in Algeria:women's resistance and solidarity around the world
260 _aGrables:
_bWomen living under Muslim laws,
_c1995
300 _aiii.,453 p.
_bBibliography included
650 _aWOMEN-Algeria
942 _cRP
999 _c1303
_d1303